000
00298nam a2200121Ia 4500
008
190216s9999||||xx |||||||||||||| ||und||
100
_a
Redheffer And Levinson
245
0
_a
Complex Variables
260
_b
Tata Mcgrawhill Publishers
_c
1970
300
_a
415p
650
_a
Mathematics
942
_c
BK
999
_c
30864
_d
30864